000 00537nam a2200193Ia 4500
005 20250508162710.0
008 008 250505s9999 xx 000 0 eng d
037 _aReference
040 _aFEDL
_beng
_cFEDL
041 _aeng
_2eng
084 _aB, IND/RR
_qFEDL
245 0 _aWho's who of Indian martyrs. Vol 2
245 0 _cIndia
260 _aNew Delhi, India
_bMinistry of Education and Social Welfare
_c1972
300 _aiv,354p.
365 _aINR
_b20.5
942 _cREF
_hB, IND/RR
999 _c1378130
_d1378130